<?xml version="1.0" encoding="UTF-8"?>
<collection xmlns="http://www.loc.gov/MARC21/slim">
 <record>
  <leader>02082nam a22002777a 4500</leader>
  <controlfield tag="001">NCT_89633</controlfield>
  <controlfield tag="008">210506b        xxu||||| |||| 00| 0 vie d</controlfield>
  <datafield tag="999" ind1=" " ind2=" ">
   <subfield code="c">4420</subfield>
   <subfield code="d">4420</subfield>
  </datafield>
  <datafield tag="020" ind1=" " ind2=" ">
   <subfield code="a">9786048039059</subfield>
   <subfield code="c">165000</subfield>
  </datafield>
  <datafield tag="082" ind1="0" ind2="4">
   <subfield code="2">23rd ed.</subfield>
   <subfield code="a">658.8</subfield>
   <subfield code="b">Gi108</subfield>
  </datafield>
  <datafield tag="100" ind1="1" ind2=" ">
   <subfield code="a">Hà Nam Khánh Giao</subfield>
  </datafield>
  <datafield tag="245" ind1="1" ind2="0">
   <subfield code="a">Quản trị kinh doanh dịch vụ từ góc nhìn marketing</subfield>
   <subfield code="c">Hà Nam Khánh Giao, Ao Thu Hoài, Phạm Quang Vinh</subfield>
  </datafield>
  <datafield tag="260" ind1=" " ind2=" ">
   <subfield code="a">H.</subfield>
   <subfield code="b">Thông tin và truyền thông</subfield>
   <subfield code="c">2019</subfield>
  </datafield>
  <datafield tag="300" ind1=" " ind2=" ">
   <subfield code="a">465 tr.</subfield>
   <subfield code="b">minh họa</subfield>
   <subfield code="c">24cm</subfield>
  </datafield>
  <datafield tag="520" ind1="3" ind2=" ">
   <subfield code="a">Sách đánh giá và hiểu biết về những thách thức rất chuyên biệt trong việc quản trị, marketing và chuyển giao dịch vụ tuyệt hảo nhằm tìm kiếm lợi nhuận. Phát triển những hiểu biết về lối suy nghĩ quản trị và marketing dịch vụ hiện đại, khuyến khích tinh thần kinh doanh hướng đến dịch vụ.</subfield>
  </datafield>
  <datafield tag="653" ind1=" " ind2=" ">
   <subfield code="a">Quản trị kinh doanh</subfield>
  </datafield>
  <datafield tag="700" ind1="1" ind2=" ">
   <subfield code="a">Ao Thu Hoài</subfield>
  </datafield>
  <datafield tag="700" ind1="1" ind2=" ">
   <subfield code="a">Phạm Quang Vinh</subfield>
  </datafield>
  <datafield tag="942" ind1=" " ind2=" ">
   <subfield code="2">ddc</subfield>
   <subfield code="c">BK</subfield>
  </datafield>
  <datafield tag="952" ind1=" " ind2=" ">
   <subfield code="0">0</subfield>
   <subfield code="1">0</subfield>
   <subfield code="2">ddc</subfield>
   <subfield code="4">0</subfield>
   <subfield code="6">658_800000000000000_GI108</subfield>
   <subfield code="7">0</subfield>
   <subfield code="9">21210</subfield>
   <subfield code="a">000001</subfield>
   <subfield code="b">000001</subfield>
   <subfield code="d">2021-05-06</subfield>
   <subfield code="o">658.8 Gi108</subfield>
   <subfield code="p">MD.18440</subfield>
   <subfield code="r">2021-05-06</subfield>
   <subfield code="v">165000.00</subfield>
   <subfield code="w">2021-05-06</subfield>
   <subfield code="y">BK</subfield>
  </datafield>
  <datafield tag="952" ind1=" " ind2=" ">
   <subfield code="0">0</subfield>
   <subfield code="1">0</subfield>
   <subfield code="2">ddc</subfield>
   <subfield code="4">0</subfield>
   <subfield code="6">658_800000000000000_GI108</subfield>
   <subfield code="7">0</subfield>
   <subfield code="9">21211</subfield>
   <subfield code="a">000001</subfield>
   <subfield code="b">000001</subfield>
   <subfield code="d">2021-05-06</subfield>
   <subfield code="o">658.8 Gi108</subfield>
   <subfield code="p">MD.18441</subfield>
   <subfield code="r">2021-05-06</subfield>
   <subfield code="v">165000.00</subfield>
   <subfield code="w">2021-05-06</subfield>
   <subfield code="y">BK</subfield>
  </datafield>
  <datafield tag="952" ind1=" " ind2=" ">
   <subfield code="0">0</subfield>
   <subfield code="1">0</subfield>
   <subfield code="2">ddc</subfield>
   <subfield code="4">0</subfield>
   <subfield code="6">658_800000000000000_GI108</subfield>
   <subfield code="7">0</subfield>
   <subfield code="9">21212</subfield>
   <subfield code="a">000001</subfield>
   <subfield code="b">000001</subfield>
   <subfield code="d">2021-05-06</subfield>
   <subfield code="o">658.8 Gi108</subfield>
   <subfield code="p">MD.18442</subfield>
   <subfield code="r">2021-05-06</subfield>
   <subfield code="v">165000.00</subfield>
   <subfield code="w">2021-05-06</subfield>
   <subfield code="y">BK</subfield>
  </datafield>
  <datafield tag="952" ind1=" " ind2=" ">
   <subfield code="0">0</subfield>
   <subfield code="1">0</subfield>
   <subfield code="2">ddc</subfield>
   <subfield code="4">0</subfield>
   <subfield code="6">658_800000000000000_GI108</subfield>
   <subfield code="7">0</subfield>
   <subfield code="9">21213</subfield>
   <subfield code="a">000001</subfield>
   <subfield code="b">000001</subfield>
   <subfield code="d">2021-05-06</subfield>
   <subfield code="o">658.8 Gi108</subfield>
   <subfield code="p">MD.18443</subfield>
   <subfield code="r">2021-05-06</subfield>
   <subfield code="v">165000.00</subfield>
   <subfield code="w">2021-05-06</subfield>
   <subfield code="y">BK</subfield>
  </datafield>
  <datafield tag="952" ind1=" " ind2=" ">
   <subfield code="0">0</subfield>
   <subfield code="1">0</subfield>
   <subfield code="2">ddc</subfield>
   <subfield code="4">0</subfield>
   <subfield code="6">658_800000000000000_GI108</subfield>
   <subfield code="7">0</subfield>
   <subfield code="9">21214</subfield>
   <subfield code="a">000001</subfield>
   <subfield code="b">000001</subfield>
   <subfield code="d">2021-05-06</subfield>
   <subfield code="o">658.8 Gi108</subfield>
   <subfield code="p">MD.18444</subfield>
   <subfield code="r">2021-05-06</subfield>
   <subfield code="v">165000.00</subfield>
   <subfield code="w">2021-05-06</subfield>
   <subfield code="y">BK</subfield>
  </datafield>
  <datafield tag="952" ind1=" " ind2=" ">
   <subfield code="0">0</subfield>
   <subfield code="1">0</subfield>
   <subfield code="2">ddc</subfield>
   <subfield code="4">0</subfield>
   <subfield code="6">658_800000000000000_GI108</subfield>
   <subfield code="7">0</subfield>
   <subfield code="9">21215</subfield>
   <subfield code="a">000001</subfield>
   <subfield code="b">000001</subfield>
   <subfield code="d">2021-05-06</subfield>
   <subfield code="o">658.8 Gi108</subfield>
   <subfield code="p">MD.18427</subfield>
   <subfield code="r">2021-05-06</subfield>
   <subfield code="v">165000.00</subfield>
   <subfield code="w">2021-05-06</subfield>
   <subfield code="y">BK</subfield>
  </datafield>
  <datafield tag="980" ind1=" " ind2=" ">
   <subfield code="a">Thư viện Trường Đại học Nam Cần Thơ</subfield>
  </datafield>
 </record>
</collection>
